000 00545nam a22001932 4500
001 0000004257
005 20170406115701.0
008 140902s xx 000 0 eng d
020 _c$
040 _aYour Holding Symbol
_cYour Holding Symbol
100 1 _aMatthiessen,F.O.
245 1 4 _aThe achievement of T.S Eliot :
_ban essay on the nature of poetry.
250 _a3rd ed.
260 _aNew york :
_bA Galaxy book,
_c1959.
300 _a248 p. ;
_c cm.
504 _aindex.
610 2 0 _apoetry.
908 _a140902
999 _c4090
_d4090